000 00431cam a2200181ua 4500
020 _c4.75
041 _aeng
_h
082 _a536.52
_bWOO/PY
100 _aWood, William P .
245 _aPyrometry /
_cWilliam P Wood.
_hTextual Documents
250 _a2 /
_b.
260 _aNew York :
_bMcGraw Hill Book Company ,
_c1941.
300 _a263 ; .
365 _a4.75
504 _a
942 _cBK
999 _c11051
_d11051